[Event "World Cup 2023 Open"]
[Site "Baku, Azerbaijan"]
[Date "????.??.??"]
[Round "31.1"]
[White "Carlsen Magnus (NOR)"]
[Black "Keymer Vincent (GER)"]
[Result "1/2-1/2"]
[WhiteFideId "1503014"]
[BlackFideId "12940690"]
[WhiteElo "2835"]
[BlackElo "2690"]

1. d4 {[%clk 00:25:16]} Nf6 {[%clk 00:25:19]} {[%emt 00:00:04]} 2. c4 {[%clk
00:25:25]} {[%emt 00:00:01]} e6 {[%clk 00:25:28]} {[%emt 00:00:01]} 3. Nf3
{[%clk 00:25:33]} {[%emt 00:00:02]} d5 {[%clk 00:25:36]} {[%emt 00:00:02]} 4.
cxd5 {[%clk 00:25:41]} {[%emt 00:00:02]} exd5 {[%clk 00:25:44]} {[%emt
00:00:02]} 5. Nc3 {[%clk 00:25:49]} {[%emt 00:00:02]} c6 {[%clk 00:25:43]}
{[%emt 00:00:11]} 6. Qc2 {[%clk 00:25:57]} {[%emt 00:00:02]} Be7 {[%clk
00:25:20]} {[%emt 00:00:33]} 7. Bf4 {[%clk 00:25:14]} {[%emt 00:00:52]} g6
{[%clk 00:25:01]} {[%emt 00:00:29]} 8. e3 {[%clk 00:25:15]} {[%emt 00:00:09]}
Bf5 {[%clk 00:25:05]} {[%emt 00:00:06]} 9. Bd3 {[%clk 00:25:23]} {[%emt
00:00:02]} Bxd3 {[%clk 00:25:13]} {[%emt 00:00:02]} 10. Qxd3 {[%clk 00:25:31]}
{[%emt 00:00:02]} Nbd7 {[%clk 00:24:47]} {[%emt 00:00:36]} 11. h4 {[%clk
00:25:38]} {[%emt 00:00:02]} Qa5 {[%clk 00:23:12]} {[%emt 00:01:46]} 12. Kf1
{[%clk 00:25:41]} {[%emt 00:00:06]} h5 {[%clk 00:20:13]} {[%emt 00:03:09]} 13.
g3 {[%clk 00:25:25]} {[%emt 00:00:25]} O-O {[%clk 00:19:01]} {[%emt 00:01:23]}
14. Kg2 {[%clk 00:25:30]} {[%emt 00:00:04]} Rfe8 {[%clk 00:18:21]} {[%emt
00:00:51]} 15. Ng5 {[%clk 00:25:33]} {[%emt 00:00:06]} Nf8 {[%clk 00:17:34]}
{[%emt 00:00:58]} 16. a3 {[%clk 00:24:15]} {[%emt 00:01:28]} Qd8 {[%clk
00:17:14]} {[%emt 00:00:30]} 17. Rhe1 {[%clk 00:23:01]} {[%emt 00:01:24]} a5
{[%clk 00:15:54]} {[%emt 00:01:31]} 18. Rad1 {[%clk 00:22:43]} {[%emt
00:00:28]} N8h7 {[%clk 00:15:22]} {[%emt 00:00:42]} 19. Nxh7 {[%clk 00:20:09]}
{[%emt 00:02:43]} Kxh7 {[%clk 00:13:41]} {[%emt 00:01:51]} 20. e4 {[%clk
00:19:36]} {[%emt 00:00:42]} dxe4 {[%clk 00:12:46]} {[%emt 00:01:06]} 21. Nxe4
{[%clk 00:19:42]} {[%emt 00:00:04]} Qd5 {[%clk 00:10:31]} {[%emt 00:02:25]} 22.
Qf3 {[%clk 00:19:43]} {[%emt 00:00:08]} Nxe4 {[%clk 00:06:45]} {[%emt
00:03:56]} 23. Rxe4 {[%clk 00:19:52]} {[%emt 00:00:02]} Bf8 {[%clk 00:06:54]}
{[%emt 00:00:02]} 24. Rxe8 {[%clk 00:19:16]} {[%emt 00:00:46]} Rxe8 {[%clk
00:06:23]} {[%emt 00:00:41]} 25. Qxd5 {[%clk 00:19:17]} {[%emt 00:00:08]} cxd5
{[%clk 00:06:31]} {[%emt 00:00:01]} 26. Rc1 {[%clk 00:19:25]} {[%emt 00:00:02]}
Bg7 {[%clk 00:04:27]} {[%emt 00:02:15]} 27. Be3 {[%clk 00:19:19]} {[%emt
00:00:16]} Re4 {[%clk 00:04:03]} {[%emt 00:00:33]} 28. Rc5 {[%clk 00:19:23]}
{[%emt 00:00:06]} Bxd4 {[%clk 00:02:01]} {[%emt 00:02:13]} 29. Bxd4 {[%clk
00:19:30]} {[%emt 00:00:02]} Rxd4 {[%clk 00:02:10]} {[%emt 00:00:01]} 30. Rxa5
{[%clk 00:19:38]} {[%emt 00:00:02]} f6 {[%clk 00:01:47]} {[%emt 00:00:34]} 31.
Rb5 {[%clk 00:19:32]} {[%emt 00:00:16]} g5 {[%clk 00:01:56]} {[%emt 00:00:01]}
32. Rxb7+ {[%clk 00:19:16]} {[%emt 00:00:26]} Kg6 {[%clk 00:02:05]} {[%emt
00:00:01]} 33. Rb4 {[%clk 00:18:37]} {[%emt 00:00:48]} Rd1 {[%clk 00:01:59]}
{[%emt 00:00:16]} 34. Kf3 {[%clk 00:18:31]} {[%emt 00:00:15]} Kf5 {[%clk
00:01:03]} {[%emt 00:01:07]} 35. Ke2 {[%clk 00:18:08]} {[%emt 00:00:32]} Rb1
{[%clk 00:00:50]} {[%emt 00:00:23]} 36. a4 {[%clk 00:17:15]} {[%emt 00:01:03]}
gxh4 {[%clk 00:00:41]} {[%emt 00:00:18]} 37. gxh4 {[%clk 00:17:23]} {[%emt
00:00:02]} Ra1 {[%clk 00:00:47]} {[%emt 00:00:05]} 38. Ke3 {[%clk 00:14:59]}
{[%emt 00:02:33]} Ke5 {[%clk 00:00:30]} {[%emt 00:00:27]} 39. f4+ {[%clk
00:13:40]} {[%emt 00:01:29]} Kf5 {[%clk 00:00:19]} {[%emt 00:00:21]} 40. Kd4
{[%clk 00:13:26]} {[%emt 00:00:24]} Kg4 {[%clk 00:00:28]} {[%emt 00:00:01]} 41.
Kxd5 {[%clk 00:11:48]} {[%emt 00:01:48]} Kxh4 {[%clk 00:00:37]} {[%emt
00:00:01]} 42. Ke6 {[%clk 00:11:20]} {[%emt 00:00:37]} Kg3 {[%clk 00:00:35]}
{[%emt 00:00:12]} 43. Kxf6 {[%clk 00:10:22]} {[%emt 00:01:08]} h4 {[%clk
00:00:44]} {[%emt 00:00:01]} 44. f5 {[%clk 00:07:52]} {[%emt 00:02:40]} h3
{[%clk 00:00:53]} {[%emt 00:00:01]} 45. Kg5 {[%clk 00:07:03]} {[%emt 00:00:59]}
h2 {[%clk 00:00:57]} {[%emt 00:00:07]} 46. Rh4 {[%clk 00:06:38]} {[%emt
00:00:34]} Rxa4 {[%clk 00:00:46]} {[%emt 00:00:21]} 47. Rxh2 {[%clk 00:06:46]}
{[%emt 00:00:01]} Kxh2 {[%clk 00:00:55]} {[%emt 00:00:01]} 48. f6 {[%clk
00:06:55]} {[%emt 00:00:02]} Kg3 {[%clk 00:00:23]} {[%emt 00:00:41]} 49. f7
{[%clk 00:07:04]} {[%emt 00:00:01]} Rf4 {[%clk 00:00:27]} {[%emt 00:00:06]} 50.
Kg6 {[%clk 00:07:12]} {[%emt 00:00:01]} Kf3 {[%clk 00:00:35]} {[%emt 00:00:02]}
51. Kg7 {[%clk 00:07:18]} {[%emt 00:00:04]} Ke4 {[%clk 00:00:42]} {[%emt
00:00:03]} 52. f8=Q {[%clk 00:07:25]} {[%emt 00:00:03]} Rxf8 {[%clk 00:00:51]}
{[%emt 00:00:01]} 53. Kxf8 {[%clk 00:07:34]} {[%emt 00:00:02]} Kd4 {[%clk
00:01:00]} {[%emt 00:00:01]} 54. b3 {[%clk 00:07:43]} {[%emt 00:00:01]} Kc3
{[%clk 00:01:08]} 55. b4 {[%clk 00:07:52]} {[%emt 00:00:01]} Kxb4 {[%clk
00:01:18]} 1/2-1/2

[Event "World Cup 2023 Open"]
[Site "Baku, Azerbaijan"]
[Date "????.??.??"]
[Round "31.3"]
[White "Nepomniachtchi Ian (FID)"]
[Black "Nihal Sarin (IND)"]
[Result "1-0"]
[WhiteFideId "4168119"]
[BlackFideId "25092340"]
[WhiteElo "2779"]
[BlackElo "2688"]

1. e4 {[%clk 00:25:17]} {[%emt 00:00:02]} c5 {[%clk 00:25:18]} {[%emt
00:00:03]} 2. Nf3 {[%clk 00:25:25]} {[%emt 00:00:02]} d6 {[%clk 00:25:26]}
{[%emt 00:00:02]} 3. Bb5+ {[%clk 00:25:13]} {[%emt 00:00:21]} Nd7 {[%clk
00:25:34]} {[%emt 00:00:02]} 4. a4 {[%clk 00:25:13]} {[%emt 00:00:10]} Ngf6
{[%clk 00:25:24]} {[%emt 00:00:20]} 5. Nc3 {[%clk 00:25:20]} {[%emt 00:00:03]}
a6 {[%clk 00:25:27]} {[%emt 00:00:07]} 6. Be2 {[%clk 00:25:02]} {[%emt
00:00:29]} g6 {[%clk 00:25:35]} {[%emt 00:00:03]} 7. O-O {[%clk 00:24:51]}
{[%emt 00:00:20]} Bg7 {[%clk 00:25:43]} {[%emt 00:00:02]} 8. d4 {[%clk
00:24:48]} {[%emt 00:00:13]} cxd4 {[%clk 00:25:43]} {[%emt 00:00:10]} 9. Nxd4
{[%clk 00:24:56]} {[%emt 00:00:02]} b6 {[%clk 00:24:22]} {[%emt 00:01:31]} 10.
Nc6 {[%clk 00:20:09]} {[%emt 00:04:57]} Qc7 {[%clk 00:24:29]} {[%emt 00:00:03]}
11. Nb4 {[%clk 00:20:18]} {[%emt 00:00:01]} Bb7 {[%clk 00:24:12]} {[%emt
00:00:24]} 12. Ncd5 {[%clk 00:19:29]} {[%emt 00:01:01]} Qd8 {[%clk 00:23:51]}
{[%emt 00:00:31]} 13. f3 {[%clk 00:18:54]} {[%emt 00:00:46]} O-O {[%clk
00:23:02]} {[%emt 00:00:58]} 14. Nxf6+ {[%clk 00:18:49]} {[%emt 00:00:15]} Nxf6
{[%clk 00:22:06]} {[%emt 00:01:06]} 15. Be3 {[%clk 00:18:39]} {[%emt 00:00:20]}
Qc7 {[%clk 00:20:58]} {[%emt 00:01:18]} 16. c4 {[%clk 00:18:39]} {[%emt
00:00:10]} e6 {[%clk 00:20:48]} {[%emt 00:00:20]} 17. Rc1 {[%clk 00:18:05]}
{[%emt 00:00:44]} Rfd8 {[%clk 00:20:37]} {[%emt 00:00:20]} 18. Nd3 {[%clk
00:18:06]} {[%emt 00:00:10]} Nd7 {[%clk 00:19:49]} {[%emt 00:00:58]} 19. Qb3
{[%clk 00:17:40]} {[%emt 00:00:36]} Nc5 {[%clk 00:19:32]} {[%emt 00:00:28]} 20.
Qa3 {[%clk 00:17:49]} {[%emt 00:00:01]} a5 {[%clk 00:19:38]} {[%emt 00:00:04]}
21. Nf2 {[%clk 00:16:36]} {[%emt 00:01:23]} Qe7 {[%clk 00:16:55]} {[%emt
00:02:53]} 22. Rfd1 {[%clk 00:15:50]} {[%emt 00:00:56]} Bc6 {[%clk 00:16:35]}
{[%emt 00:00:30]} 23. b3 {[%clk 00:15:49]} {[%emt 00:00:12]} f5 {[%clk
00:16:44]} {[%emt 00:00:01]} 24. Bd3 {[%clk 00:15:09]} {[%emt 00:00:50]} Be5
{[%clk 00:15:09]} {[%emt 00:01:45]} 25. Qa2 {[%clk 00:13:01]} {[%emt 00:02:19]}
Qh4 {[%clk 00:07:58]} {[%emt 00:07:21]} 26. g3 {[%clk 00:12:46]} {[%emt
00:00:25]} Bxg3 {[%clk 00:08:06]} {[%emt 00:00:02]} 27. hxg3 {[%clk 00:12:55]}
{[%emt 00:00:01]} Qxg3+ {[%clk 00:08:15]} {[%emt 00:00:01]} 28. Kf1 {[%clk
00:13:03]} {[%emt 00:00:01]} fxe4 {[%clk 00:08:15]} {[%emt 00:00:10]} 29. Bxc5
{[%clk 00:12:58]} {[%emt 00:00:15]} exd3 {[%clk 00:08:24]} {[%emt 00:00:02]} 30.
Bxb6 {[%clk 00:12:19]} {[%emt 00:00:49]} Rab8 {[%clk 00:05:17]} {[%emt
00:03:16]} 31. Be3 {[%clk 00:09:24]} {[%emt 00:03:04]} Rf8 {[%clk 00:03:03]}
{[%emt 00:02:25]} 32. Rxd3 {[%clk 00:09:32]} {[%emt 00:00:02]} Rxf3 {[%clk
00:03:12]} {[%emt 00:00:02]} 33. Qe2 {[%clk 00:09:16]} {[%emt 00:00:26]} Rbf8
{[%clk 00:03:15]} {[%emt 00:00:07]} 34. Ke1 {[%clk 00:09:20]} {[%emt 00:00:06]}
h5 {[%clk 00:02:38]} {[%emt 00:00:47]} 35. Bb6 {[%clk 00:08:12]} {[%emt
00:01:18]} Rxd3 {[%clk 00:00:46]} {[%emt 00:02:02]} 36. Qxd3 {[%clk 00:08:21]}
{[%emt 00:00:01]} Qg1+ {[%clk 00:00:50]} {[%emt 00:00:06]} 37. Qf1 {[%clk
00:08:11]} {[%emt 00:00:20]} Qg5 {[%clk 00:00:59]} {[%emt 00:00:01]} 38. Rc3
{[%clk 00:07:42]} {[%emt 00:00:38]} h4 {[%clk 00:00:26]} {[%emt 00:00:44]} 39.
Be3 {[%clk 00:06:55]} {[%emt 00:00:57]} Qe5 {[%clk 00:00:16]} {[%emt 00:00:20]}
40. Kd2 {[%clk 00:07:03]} {[%emt 00:00:01]} Rf3 {[%clk 00:00:16]} {[%emt
00:00:10]} 41. Qd3 {[%clk 00:06:10]} {[%emt 00:01:03]} Qg3 {[%clk 00:00:17]}
{[%emt 00:00:10]} 42. c5 {[%clk 00:03:37]} {[%emt 00:02:43]} Rxf2+ {[%clk
00:00:13]} {[%emt 00:00:14]} 43. Bxf2 {[%clk 00:03:44]} {[%emt 00:00:03]} Qxf2+
{[%clk 00:00:21]} {[%emt 00:00:01]} 44. Kc1 {[%clk 00:03:53]} {[%emt 00:00:02]}
Qf4+ {[%clk 00:00:11]} {[%emt 00:00:20]} 45. Kb2 {[%clk 00:03:47]} {[%emt
00:00:16]} Be4 {[%clk 00:00:13]} {[%emt 00:00:08]} 46. Qxd6 {[%clk 00:03:24]}
{[%emt 00:00:33]} Qf2+ {[%clk 00:00:22]} {[%emt 00:00:01]} 47. Ka3 {[%clk
00:03:20]} {[%emt 00:00:14]} Qe1 {[%clk 00:00:18]} {[%emt 00:00:14]} 48. Qxe6+
{[%clk 00:03:22]} {[%emt 00:00:08]} Kh7 {[%clk 00:00:16]} {[%emt 00:00:12]} 49.
Qf7+ {[%clk 00:02:45]} {[%emt 00:00:47]} Kh8 {[%clk 00:00:17]} {[%emt
00:00:08]} 50. Qf6+ {[%clk 00:02:49]} {[%emt 00:00:06]} Kh7 {[%clk 00:00:13]}
{[%emt 00:00:15]} 51. Rc4 {[%clk 00:02:38]} {[%emt 00:00:21]} h3 {[%clk
00:00:16]} {[%emt 00:00:06]} 52. Qe5 {[%clk 00:02:47]} {[%emt 00:00:01]} Qg1
{[%clk 00:00:00]} {[%emt 00:00:16]} 1-0

[Event "World Cup 2023 Open"]
[Site "Baku, Azerbaijan"]
[Date "????.??.??"]
[Round "31.4"]
[White "Abasov Nijat (AZE)"]
[Black "Svidler Peter (FID)"]
[Result "1/2-1/2"]
[WhiteFideId "13402960"]
[BlackFideId "4102142"]
[WhiteElo "2632"]
[BlackElo "2688"]

1. d4 {[%clk 00:24:51]} {[%emt 00:00:28]} Nf6 {[%clk 00:25:10]} {[%emt
00:00:03]} 2. c4 {[%clk 00:24:51]} {[%emt 00:00:02]} g6 {[%clk 00:25:10]}
{[%emt 00:00:02]} 3. Nc3 {[%clk 00:24:51]} {[%emt 00:00:02]} d5 {[%clk
00:25:10]} {[%emt 00:00:02]} 4. Nf3 {[%clk 00:24:28]} {[%emt 00:00:33]} Bg7
{[%clk 00:25:10]} {[%emt 00:00:02]} 5. cxd5 {[%clk 00:24:28]} {[%emt 00:00:03]}
Nxd5 {[%clk 00:25:10]} {[%emt 00:00:02]} 6. e4 {[%clk 00:24:28]} Nxc3 {[%clk
00:25:10]} {[%emt 00:00:02]} 7. bxc3 {[%clk 00:24:28]} {[%emt 00:00:01]} c5
{[%clk 00:25:10]} {[%emt 00:00:02]} 8. h3 {[%clk 00:24:28]} {[%emt 00:00:01]}
O-O {[%clk 00:24:51]} {[%emt 00:00:29]} 9. Be2 {[%clk 00:24:28]} {[%emt
00:00:02]} b5 {[%clk 00:21:34]} {[%emt 00:03:27]} 10. O-O {[%clk 00:24:28]}
{[%emt 00:00:04]} b4 {[%clk 00:20:36]} {[%emt 00:01:09]} 11. Be3 {[%clk
00:20:54]} {[%emt 00:03:43]} bxc3 {[%clk 00:18:18]} {[%emt 00:02:28]} 12. d5
{[%clk 00:20:54]} {[%emt 00:00:01]} Nd7 {[%clk 00:14:37]} {[%emt 00:03:52]} 13.
Qc1 {[%clk 00:20:45]} {[%emt 00:00:19]} Rb8 {[%clk 00:13:09]} {[%emt 00:01:38]}
14. Bh6 {[%clk 00:20:43]} {[%emt 00:00:12]} Qa5 {[%clk 00:13:03]} {[%emt
00:00:16]} 15. Bxg7 {[%clk 00:20:06]} {[%emt 00:00:47]} Kxg7 {[%clk 00:13:03]}
{[%emt 00:00:02]} 16. Qe3 {[%clk 00:20:06]} {[%emt 00:00:02]} Rb2 {[%clk
00:11:04]} {[%emt 00:02:09]} 17. Rfc1 {[%clk 00:20:06]} {[%emt 00:00:05]} Nf6
{[%clk 00:11:00]} {[%emt 00:00:14]} 18. Ne5 {[%clk 00:19:06]} {[%emt 00:01:10]}
Rxa2 {[%clk 00:07:24]} {[%emt 00:03:46]} 19. Nc6 {[%clk 00:17:19]} {[%emt
00:01:56]} Qa3 {[%clk 00:07:21]} {[%emt 00:00:14]} 20. Rxa2 {[%clk 00:17:19]}
{[%emt 00:00:01]} Qxa2 {[%clk 00:07:21]} {[%emt 00:00:02]} 21. Bf3 {[%clk
00:17:19]} {[%emt 00:00:02]} Qd2 {[%clk 00:04:34]} {[%emt 00:02:57]} 22. Qxc3
{[%clk 00:12:51]} {[%emt 00:04:38]} Qxc3 {[%clk 00:04:34]} {[%emt 00:00:02]} 23.
Rxc3 {[%clk 00:12:51]} {[%emt 00:00:01]} e6 {[%clk 00:04:34]} {[%emt 00:00:01]}
24. Nxa7 {[%clk 00:07:09]} {[%emt 00:05:52]} exd5 {[%clk 00:04:34]} {[%emt
00:00:03]} 25. exd5 {[%clk 00:07:09]} {[%emt 00:00:01]} Nd7 {[%clk 00:03:56]}
{[%emt 00:00:48]} 26. Be2 {[%clk 00:06:17]} {[%emt 00:01:02]} Bb7 {[%clk
00:03:56]} {[%emt 00:00:06]} 27. Bb5 {[%clk 00:06:17]} {[%emt 00:00:03]} Nf6
{[%clk 00:03:30]} {[%emt 00:00:36]} 28. Bc6 {[%clk 00:06:17]} {[%emt 00:00:02]}
Nxd5 {[%clk 00:03:30]} {[%emt 00:00:10]} 29. Rxc5 {[%clk 00:06:17]} {[%emt
00:00:02]} 1/2-1/2

[Event "World Cup 2023 Open"]
[Site "Baku, Azerbaijan"]
[Date "????.??.??"]
[Round "31.5"]
[White "Esipenko Andrey (FID)"]
[Black "Gukesh D (IND)"]
[Result "1/2-1/2"]
[WhiteFideId "24175439"]
[BlackFideId "46616543"]
[WhiteElo "2683"]
[BlackElo "2744"]

1. e4 {[%clk 00:25:18]} {[%emt 00:00:02]} e5 {[%clk 00:25:18]} {[%emt
00:00:02]} 2. Nf3 {[%clk 00:25:26]} {[%emt 00:00:02]} Nc6 {[%clk 00:25:25]}
{[%emt 00:00:03]} 3. Bc4 {[%clk 00:25:32]} {[%emt 00:00:03]} Bc5 {[%clk
00:25:33]} {[%emt 00:00:03]} 4. c3 {[%clk 00:25:40]} {[%emt 00:00:02]} Nf6
{[%clk 00:25:41]} {[%emt 00:00:03]} 5. d3 {[%clk 00:25:48]} {[%emt 00:00:02]}
d6 {[%clk 00:25:47]} {[%emt 00:00:04]} 6. O-O {[%clk 00:25:54]} {[%emt
00:00:03]} a6 {[%clk 00:25:53]} {[%emt 00:00:04]} 7. a4 {[%clk 00:25:58]}
{[%emt 00:00:06]} Ba7 {[%clk 00:26:01]} {[%emt 00:00:02]} 8. Re1 {[%clk
00:26:00]} {[%emt 00:00:08]} O-O {[%clk 00:26:07]} {[%emt 00:00:04]} 9. h3
{[%clk 00:26:04]} {[%emt 00:00:05]} h6 {[%clk 00:25:56]} {[%emt 00:00:21]} 10.
Nbd2 {[%clk 00:26:08]} {[%emt 00:00:05]} Re8 {[%clk 00:26:04]} {[%emt
00:00:03]} 11. b4 {[%clk 00:26:13]} {[%emt 00:00:05]} Qe7 {[%clk 00:25:57]}
{[%emt 00:00:17]} 12. Bb2 {[%clk 00:25:12]} {[%emt 00:01:12]} Be6 {[%clk
00:25:36]} {[%emt 00:00:31]} 13. Bxe6 {[%clk 00:25:02]} {[%emt 00:00:20]} Qxe6
{[%clk 00:25:44]} {[%emt 00:00:02]} 14. Nf1 {[%clk 00:22:54]} {[%emt 00:02:17]}
b5 {[%clk 00:23:07]} {[%emt 00:02:47]} 15. Ng3 {[%clk 00:22:35]} {[%emt
00:00:29]} d5 {[%clk 00:22:56]} {[%emt 00:00:21]} 16. exd5 {[%clk 00:21:10]}
{[%emt 00:01:35]} Nxd5 {[%clk 00:22:31]} {[%emt 00:00:35]} 17. Qc2 {[%clk
00:17:41]} {[%emt 00:03:38]} Qg6 {[%clk 00:20:36]} {[%emt 00:02:05]} 18. Kh2
{[%clk 00:17:48]} {[%emt 00:00:03]} Rad8 {[%clk 00:18:48]} {[%emt 00:01:58]} 19.
axb5 {[%clk 00:17:07]} {[%emt 00:00:52]} axb5 {[%clk 00:18:56]} {[%emt
00:00:02]} 20. Rad1 {[%clk 00:17:08]} {[%emt 00:00:08]} Bb6 {[%clk 00:17:15]}
{[%emt 00:01:51]} 21. Re4 {[%clk 00:15:36]} {[%emt 00:01:42]} Re6 {[%clk
00:13:37]} {[%emt 00:03:48]} 22. Bc1 {[%clk 00:13:49]} {[%emt 00:01:57]} Nf6
{[%clk 00:13:18]} {[%emt 00:00:30]} 23. Nh4 {[%clk 00:13:17]} {[%emt 00:00:41]}
Qh7 {[%clk 00:13:25]} {[%emt 00:00:03]} 24. Re2 {[%clk 00:13:19]} {[%emt
00:00:08]} Ne7 {[%clk 00:12:11]} {[%emt 00:01:24]} 25. Nf3 {[%clk 00:12:22]}
{[%emt 00:01:06]} Nc6 {[%clk 00:11:26]} {[%emt 00:00:56]} 26. Nh4 {[%clk
00:11:56]} {[%emt 00:00:36]} Ne7 {[%clk 00:11:23]} {[%emt 00:00:13]} 27. Nf3
{[%clk 00:11:19]} {[%emt 00:00:46]} Nc6 {[%clk 00:11:07]} {[%emt 00:00:26]} 28.
Nh4 {[%clk 00:10:53]} {[%emt 00:00:36]} 1/2-1/2